| 000 | 00411 a2200157 4500 | ||
|---|---|---|---|
| 020 | _a9694960231 | ||
| 040 |
_aDLC _bDLC |
||
| 082 | _a891.4391 | ||
| 100 | _aItibar Sajid | ||
| 245 |
_aHam bhi kisi ka khawab they _cItibar Sajid |
||
| 260 |
_aIslamabad: _bDost Publications, _c1998. |
||
| 300 |
_a130 p. ; _c22 cm. |
||
| 500 | _aIncludes Index | ||
| 650 | _a1.Urdu Adab.2.Shairi. | ||
| 942 |
_cBK _k891.4391 ITI _2ddc |
||
| 999 |
_c5247 _d5247 |
||